000 00881nam a2200253 a 4500
001 26219
003 CO-ViMGA
005 20230915232151.0
008 141112s2004 ck r 000 u spa d
015 _ack - 2009 - xxxx
020 _a9789584522375
040 _aCO-ViMGA
_bspa
_cCO-ViMGA
082 0 4 _a158.1 D73y
100 1 _aDresel, Walter, 1945 -
_940923
245 1 0 _aYo te manipulo, y ¿tú que haces? /
_cWalter Dresel.
260 _aBogotá :
_bGrupo Editorial Norma,
_c2009
300 _a231 p. ; 21 cm.
504 _aIncluye bibliografía.
650 1 4 _aAsertividad (Psicología)
_926068
650 1 4 _aAutorrealización (Psicología)
942 _2ddc
_cBK
949 _an n
999 _c33408
_d33408